[Event "Moscow op-E"]
[Site "Moscow"]
[Date "2011.02.03"]
[Round "6.199"]
[White "Balakhontsev, Alexandr"]
[Black "Sobiev, Dmitry M"]
[Result "0-1"]
[WhiteElo "2031"]
[BlackElo "1884"]
[PlyCount "58"]
[EventDate "2011.01.29"]
[EventType "swiss"]
[EventRounds "9"]
[EventCountry "RUS"]
[SourceTitle "EXT 2022"]
[Source "ChessBase"]
[SourceDate "2021.10.06"]
[SourceVersion "1"]
[SourceVersionDate "2021.10.06"]
[SourceQuality "1"]

1. e4 e6 2. d4 d5 3. Nc3 dxe4 4. Nxe4 Bd7 5. Nf3 Bc6 6. Bd3 Nf6 7. Bg5 Be7 8. Bxf6 Bxf6 9. c3 Nd7 10. Qc2 Be7 11. 0-0-0 Nf6 12. Rhe1 Bxe4 13. Bxe4 0-0 14. Bd3 c5 15. g4 g6 16. Ne5 cxd4 17. h4 Qa5 18. h5 Kg7 19. hxg6 hxg6 20. Bxg6 d3 21. Bxd3 Qxa2 22. Qd2 Nd5 23. Bb1 Qa4 24. Rh1 Rh8 25. c4 Bf6 26. Rxh8 Rxh8 27. cxd5 Rc8+ 28. Nc6 bxc6 29. Qd3 Bg5+ 0-1